Free Now - Gracie Abrams - Statistics

General Stats
  • This quiz has been taken 438 times
  • The average score is 319 of 343
Answer Stats
Hint Answer % Correct
a
100%
feel
100%
Feel
100%
I
100%
is
100%
it
100%
It
100%
it's
100%
Bridge It's
100%
that
100%
That
100%
the
100%
what
100%
you
100%
You
100%
you,
100%
your
100%
bad
99%
no
99%
on
99%
want,
99%
when
99%
you're
99%
You're
99%
at
98%
be
98%
but
98%
But
98%
here
98%
here,
98%
me
98%
me,
98%
now,
98%
now
98%
shame
98%
then
98%
time
98%
we
98%
an
97%
free
97%
go
97%
in,
97%
in
97%
out,
97%
so
97%
to
97%
was
97%
were
97%
We're
97%
And
96%
don't
96%
how
96%
How
96%
hope
95%
Hope
95%
kind
95%
like
95%
Like
95%
outline
95%
Verse 1 This
95%
all
94%
can
94%
caught
94%
Chorus If
94%
if
94%
isn't
94%
kissed
94%
knew
94%
knew,
94%
know
94%
London
94%
love
94%
only
94%
pain
94%
right
94%
think
94%
could
93%
great
93%
guy,
93%
memorized
93%
of
93%
share
93%
wanted
93%
way
93%
down
92%
find
92%
from
92%
From
92%
good
92%
are
91%
catch
91%
for
91%
get
91%
honey,
91%
lifeline
91%
there
91%
brave
90%
can't
90%
fallin',
90%
lost
90%
loved
90%
Never
90%
up
90%
didn't
89%
empty,
89%
I'll
89%
kid
89%
mad
89%
try,
89%
with
89%
away
88%
'cause
88%
far
88%
straight
88%
yourself
88%
Almost
87%
been
87%
Chances
87%
deal
87%
I'm
87%
less
87%
minds
87%
my
87%
Took
87%
admit
86%
damaged
86%
healing
86%
made
86%
months,
86%
saddest,
86%
she
86%
talk
86%
two
86%
Does
85%
does
85%
Every
85%
not
85%
half
84%
hate
84%
hurts
84%
off
84%
openly
84%
raise
84%
bar
83%
bed
83%
bones,
83%
laugh
83%
let
83%
page
83%
pull
83%
run
83%
safe
83%
shadow,
83%
tried
83%
deep
82%
echo?
82%
follow
82%
harsh
82%
shut
82%
sometimes,
82%
wrote,
82%
baggage
81%
home
81%
those
81%
got
80%
into
80%
plug,
80%
back
79%
better
79%
current
79%
melts
79%
parts
79%
play
79%
something
79%
somewhere
79%
scared
78%
truth
78%
Tuesday
78%
taste
77%
than
77%
wait
77%
collateral
76%
start
76%
tongue?
76%
blew
75%
finally
75%
imagine,
75%
both
72%
swear
70%
showed
67%
hit
66%
man,
66%
removed,
65%
restraint,
63%
'til
62%
No matching quizzes found
Score Distribution
Percent of People with Each Score
Percentile by Number Answered
Your Score History
You have not taken this quiz